[Event "Steyr Landesliga 1213"]
[Site "Austria"]
[Date "2013.04.27"]
[Round "10.3"]
[White "Halsegger, Herbert"]
[Black "Teuschler, Hugo"]
[Result "1-0"]
[WhiteElo "2176"]
[BlackElo "2031"]
[PlyCount "63"]
[EventDate "2012.09.22"]
[EventType "team-tourn"]
[EventRounds "11"]
[EventCountry "AUT"]
[SourceTitle "EXT 2014"]
[Source "ChessBase"]
[SourceDate "2013.11.20"]
[SourceVersion "1"]
[SourceVersionDate "2013.11.20"]
[SourceQuality "1"]
[WhiteTeam "Graz Post"]
[BlackTeam "Graz Strassenbahn"]
[WhiteTeamCountry "AUT"]
[BlackTeamCountry "AUT"]

1. c4 e6 2. g3 d5 3. Bg2 Nf6 4. Nf3 Be7 5. 0-0 0-0 6. b3 c5 7. e3 Nc6 8. Bb2 Rb8 9. Qe2 dxc4 10. bxc4 b6 11. Nc3 Bb7 12. d3 Qd7 13. Rad1 Rbd8 14. Ne1 Qc8 15. f4 Rd7 16. g4 Rfd8 17. g5 Ne8 18. Ne4 Nd6 19. Nf2 Nf5 20. Nf3 Qa8 21. a3 a6 22. e4 Nfd4 23. Nxd4 Nxd4 24. Bxd4 cxd4 25. Qh5 g6 26. Qh3 Qc8 27. Ng4 Qc5 28. Rf3 Qxa3 29. Qh6 f5 30. Rh3 Bf8 31. Nf6+ Kh8 32. Qxh7+ 1-0

[Event "Steyr Landesliga 1213"]
[Site "Austria"]
[Date "2013.03.02"]
[Round "7.2"]
[White "Dietmayer Kraeutler, Marco"]
[Black "Halsegger, Herbert"]
[Result "1-0"]
[WhiteElo "2211"]
[BlackElo "2176"]
[PlyCount "95"]
[EventDate "2012.09.22"]
[EventType "team-tourn"]
[EventRounds "11"]
[EventCountry "AUT"]
[SourceTitle "EXT 2014"]
[Source "ChessBase"]
[SourceDate "2013.11.20"]
[SourceVersion "1"]
[SourceVersionDate "2013.11.20"]
[SourceQuality "1"]
[WhiteTeam "Leoben"]
[BlackTeam "Graz Post"]
[WhiteTeamCountry "AUT"]
[BlackTeamCountry "AUT"]

1. d4 f5 2. c4 Nf6 3. Nc3 d6 4. Nf3 g6 5. g3 Bg7 6. Bg2 0-0 7. 0-0 c6 8. b3 Na6 9. Bb2 Qe8 10. d5 Bd7 11. Nd4 g5 12. Qd2 f4 13. Ne4 Nxe4 14. Bxe4 Nc5 15. Bg2 Rc8 16. e3 fxg3 17. fxg3 Qg6 18. Rxf8+ Kxf8 19. Rf1+ Kg8 20. Qe2 Nd3 21. Bc3 Ne5 22. e4 Bg4 23. Qe3 c5 24. Nf5 Bxf5 25. exf5 Qh5 26. h3 Bf6 27. Qe4 Qe8 28. Bf3 a6 29. Bxe5 Bxe5 30. Qg4 Bf6 31. h4 h6 32. hxg5 hxg5 33. Kg2 b5 34. Rh1 bxc4 35. Qxc4 Qb5 36. Qe4 Qd7 37. Rh6 c4 38. Rg6+ Kf7 39. bxc4 Rg8 40. Rh6 Rh8 41. Rg6 Kf8 42. c5 g4 43. Be2 dxc5 44. d6 Qxd6 45. Qa8+ Kf7 46. Bc4+ e6 47. Rxf6+ Kxf6 48. Qxh8+ 1-0

[Event "Steyr Landesliga 1213"]
[Site "Austria"]
[Date "2013.02.02"]
[Round "6.3"]
[White "Wegerer, Fred"]
[Black "Halsegger, Herbert"]
[Result "1-0"]
[WhiteElo "2192"]
[BlackElo "2176"]
[PlyCount "127"]
[EventDate "2012.09.22"]
[EventType "team-tourn"]
[EventRounds "11"]
[EventCountry "AUT"]
[SourceTitle "EXT 2014"]
[Source "ChessBase"]
[SourceDate "2013.11.20"]
[SourceVersion "1"]
[SourceVersionDate "2013.11.20"]
[SourceQuality "1"]
[WhiteTeam "Leibnitz"]
[BlackTeam "Graz Post"]
[WhiteTeamCountry "AUT"]
[BlackTeamCountry "AUT"]

1. c4 e6 2. e4 c5 3. Nc3 Nc6 4. Nf3 Be7 5. d4 cxd4 6. Nxd4 d6 7. Be2 Nf6 8. 0-0 0-0 9. Be3 Bd7 10. Rc1 a6 11. f4 Nxd4 12. Qxd4 Bc6 13. f5 Qa5 14. Bf3 Rac8 15. Qd2 Qd8 16. g4 h6 17. g5 hxg5 18. Bxg5 Nh7 19. Bxe7 Qxe7 20. Bg2 exf5 21. Rxf5 g6 22. Rf2 Qe5 23. Rcf1 Rc7 24. Rd1 Rd8 25. Qd4 Qxd4 26. Rxd4 Ng5 27. e5 Bxg2 28. Kxg2 Rc6 29. Rfd2 Ne6 30. Rxd6 Rdc8 31. b3 Rc5 32. Nd5 Kg7 33. Rb6 Nd8 34. Rf2 R8c6 35. Rf6 Rxb6 36. Rxb6 Rc6 37. Kf3 Rxb6 38. Nxb6 f5 39. exf6+ Kxf6 40. Ke4 Ke6 41. Na4 Kd6 42. c5+ Ke6 43. Nb2 Nf7 44. Nd3 g5 45. b4 Nh6 46. Ne5 Ng8 47. a4 Nf6+ 48. Kd4 Nd5 49. Nd3 Ne7 50. Kc4 Nf5 51. b5 Ne3+ 52. Kd4 Nf5+ 53. Kc4 axb5+ 54. axb5 Ne7 55. Nb4 Ng8 56. Nd5 Nh6 57. Ne3 Ng8 58. Kd4 Nf6 59. b6 Nd7 60. Nc4 Nb8 61. Na5 g4 62. Nxb7 Nc6+ 63. Ke4 Ne5 64. Nd8+ 1-0

[Event "Steyr Landesliga 1213"]
[Site "Austria"]
[Date "2012.10.13"]
[Round "2.3"]
[White "Schnider, Gert"]
[Black "Halsegger, Herbert"]
[Result "1-0"]
[WhiteElo "2314"]
[BlackElo "2176"]
[PlyCount "95"]
[EventDate "2012.09.22"]
[EventType "team-tourn"]
[EventRounds "11"]
[EventCountry "AUT"]
[SourceTitle "EXT 2014"]
[Source "ChessBase"]
[SourceDate "2013.11.20"]
[SourceVersion "1"]
[SourceVersionDate "2013.11.20"]
[SourceQuality "1"]
[WhiteTeam "Hartberg"]
[BlackTeam "Graz Post"]
[WhiteTeamCountry "AUT"]
[BlackTeamCountry "AUT"]

1. e4 g6 2. d4 Bg7 3. c4 d6 4. Nc3 Nf6 5. f3 e5 6. Nge2 Nc6 7. d5 Ne7 8. Be3 c5 9. g4 a6 10. Ng3 h6 11. Bd3 Bd7 12. Qe2 Qc7 13. 0-0-0 0-0-0 14. Kb1 Kb8 15. a3 Nh7 16. Qd2 Ng5 17. Rdf1 Nh3 18. Nce2 g5 19. Nh5 Rhg8 20. Ng1 Nf4 21. Bxf4 exf4 22. Nxg7 Rxg7 23. Qc3 Rdg8 24. Qf6 Ng6 25. Be2 Bc8 26. Rf2 Qd8 27. Qc3 f6 28. Bd1 Rc7 29. Ne2 Qe7 30. Bc2 Rh8 31. h4 Qe5 32. hxg5 Qxc3 33. Nxc3 fxg5 34. Rfh2 Nh4 35. Bd1 Re7 36. Kc2 Bd7 37. Kd3 Re5 38. b4 b6 39. Rb2 Kc7 40. Be2 Rb8 41. Rhb1 Ree8 42. bxc5 dxc5 43. Rh1 Kd6 44. Na2 Rh8 45. Rhb1 Kc7 46. e5 Ng6 47. e6 Ne5+ 48. Ke4 1-0

[Event "Steyr-ch"]
[Site "Gleisdorf"]
[Date "2012.06.09"]
[Round "5.3"]
[White "Halsegger, Herbert"]
[Black "Stagl, Marco"]
[Result "0-1"]
[WhiteElo "2176"]
[BlackElo "2099"]
[PlyCount "72"]
[EventDate "2012.06.07"]
[EventType "swiss"]
[EventRounds "7"]
[EventCountry "AUT"]
[SourceTitle "EXT 2024"]
[Source "ChessBase"]
[SourceDate "2023.10.10"]
[SourceVersion "1"]
[SourceVersionDate "2023.10.10"]
[SourceQuality "1"]

1. d4 d5 2. c4 c6 3. Nf3 Nf6 4. Nc3 dxc4 5. a4 Bf5 6. Nh4 e6 7. Nxf5 exf5 8. g3 Bb4 9. f3 0-0 10. e3 c5 11. Bxc4 cxd4 12. Qxd4 Qe7 13. 0-0 Nc6 14. Nd5 Nxd5 15. Qxd5 Ne5 16. Be2 Rfd8 17. Qa2 Rac8 18. Qb1 Qe6 19. b3 Rc3 20. Ra2 Rxb3 21. Rb2 Rxb2 22. Qxb2 a5 23. Rd1 Rxd1+ 24. Bxd1 Qd5 25. Qe2 Nd3 26. Qc2 h6 27. Be2 Ne1 28. Qc8+ Kh7 29. Kf2 Nd3+ 30. Kf1 Nc5 31. g4 fxg4 32. Qxg4 Nxa4 33. Kf2 b5 34. e4 Bc5+ 35. Kg2 Qa2 36. Qf5+ g6 0-1

[Event "Graz-chA"]
[Site "Graz"]
[Date "2012.01.28"]
[Round "7"]
[White "Halsegger, Herbert"]
[Black "Aschenbrenner, Robert"]
[Result "1/2-1/2"]
[WhiteElo "2157"]
[BlackElo "2270"]
[PlyCount "44"]
[EventDate "2012.01.13"]
[EventType "swiss"]
[EventRounds "7"]
[EventCountry "AUT"]
[SourceTitle "EXT 2013"]
[Source "ChessBase"]
[SourceDate "2012.11.22"]
[SourceVersion "1"]
[SourceVersionDate "2012.11.22"]
[SourceQuality "1"]

1. Nf3 d5 2. g3 Nf6 3. Bg2 Bf5 4. c4 e6 5. 0-0 c6 6. b3 h6 7. Bb2 Be7 8. d3 0-0 9. Qc2 a5 10. a3 Nbd7 11. Nbd2 Bh7 12. Rac1 Qb8 13. Rfd1 Bd6 14. Ne1 Qa7 15. Nf1 d4 16. Rb1 e5 17. Bc1 c5 18. e3 Rfe8 19. e4 Nb8 20. a4 Nc6 21. Qe2 Qb8 22. Bh3 Qc7 1/2-1/2

[Event "Graz-chA"]
[Site "Graz"]
[Date "2012.01.22"]
[Round "5"]
[White "Fauland, Peter"]
[Black "Halsegger, Herbert"]
[Result "1-0"]
[WhiteElo "2229"]
[BlackElo "2157"]
[PlyCount "49"]
[EventDate "2012.01.13"]
[EventType "swiss"]
[EventRounds "7"]
[EventCountry "AUT"]
[SourceTitle "EXT 2013"]
[Source "ChessBase"]
[SourceDate "2012.11.22"]
[SourceVersion "1"]
[SourceVersionDate "2012.11.22"]
[SourceQuality "1"]

1. d4 d6 2. g3 e5 3. Nf3 exd4 4. Qxd4 Nc6 5. Qe4+ Be7 6. c3 Nf6 7. Qc2 0-0 8. Bg2 Bg4 9. 0-0 Qd7 10. Re1 Bf5 11. Qb3 d5 12. Na3 a6 13. c4 d4 14. Qa4 b5 15. cxb5 axb5 16. Qxb5 Rab8 17. Ne5 Nxe5 18. Qxe5 c5 19. Nc4 Be6 20. b3 Nd5 21. Bb2 f6 22. Qe4 f5 23. Qe5 f4 24. Rac1 Rf6 25. Qxb8+ 1-0

[Event "Graz-chA"]
[Site "Graz"]
[Date "2012.01.13"]
[Round "1"]
[White "Wallner, Walter"]
[Black "Halsegger, Herbert"]
[Result "0-1"]
[WhiteElo "2032"]
[BlackElo "2157"]
[PlyCount "154"]
[EventDate "2012.01.13"]
[EventType "swiss"]
[EventRounds "7"]
[EventCountry "AUT"]
[SourceTitle "EXT 2013"]
[Source "ChessBase"]
[SourceDate "2012.11.22"]
[SourceVersion "1"]
[SourceVersionDate "2012.11.22"]
[SourceQuality "1"]

1. e4 g6 2. d4 Bg7 3. Nf3 d6 4. Nc3 c6 5. Be2 Nf6 6. 0-0 0-0 7. Be3 Bg4 8. h3 Bxf3 9. Bxf3 Qc7 10. Qd2 Nbd7 11. Rad1 a6 12. Ne2 Rad8 13. g4 Kh8 14. Ng3 e5 15. c3 d5 16. exd5 Nxd5 17. Bxd5 cxd5 18. Bh6 Bxh6 19. Qxh6 e4 20. Kg2 Qb6 21. Rd2 Nf6 22. Qf4 Qd6 23. Qxd6 Rxd6 24. f3 exf3+ 25. Rxf3 Kg7 26. Re2 Re8 27. Rxe8 Nxe8 28. Re3 Kf8 29. Ne2 Nc7 30. Nf4 Ne6 31. Nxe6+ fxe6 32. g5 Rb6 33. b3 Ke7 34. Kg3 a5 35. Kf4 Kd6 36. Rf3 a4 37. b4 Rc6 38. Kg3 Rc7 39. Kf2 e5 40. Rf6+ Ke7 41. dxe5 Rxc3 42. Rb6 Rxh3 43. Rxb7+ Ke6 44. b5 Kxe5 45. b6 Rh2+ 46. Kf3 Rxa2 47. Ra7 Rb2 48. Rxa4 Rxb6 49. Ra7 Kf5 50. Rxh7 Rb3+ 51. Ke2 Rg3 52. Rf7+ Ke5 53. Re7+ Kd4 54. Ra7 Rxg5 55. Ra4+ Ke5 56. Kf3 Rg1 57. Ra8 Rf1+ 58. Ke2 Rf6 59. Kd3 Rf3+ 60. Ke2 Rf4 61. Rg8 Rg4 62. Kf3 Rg1 63. Kf2 Rg5 64. Kf3 Kd4 65. Ra8 Rf5+ 66. Ke2 Ke4 67. Re8+ Re5 68. Rf8 g5 69. Kd2 g4 70. Ke2 Rf5 71. Rg8 Rf4 72. Re8+ Kd4 73. Rg8 Re4+ 74. Kd2 Ke5 75. Rd8 Kf4 76. Rxd5 Kf3 77. Rf5+ Kg2 0-1

[Event "Semriach op 10th"]
[Site "Semriach"]
[Date "2011.04.28"]
[Round "2"]
[White "Halsegger, Herbert"]
[Black "Ernst, Michael"]
[Result "1/2-1/2"]
[WhiteElo "2161"]
[BlackElo "2147"]
[PlyCount "110"]
[EventDate "2011.04.27"]
[EventType "swiss"]
[EventRounds "5"]
[EventCountry "AUT"]
[SourceTitle "CBM 142 Extra"]
[Source "ChessBase"]
[SourceDate "2011.06.27"]
[SourceVersion "1"]
[SourceVersionDate "2011.06.27"]
[SourceQuality "1"]

1. Nf3 Nf6 2. g3 d5 3. Bg2 g6 4. d3 Bg7 5. 0-0 Nbd7 6. Nbd2 e5 7. e4 0-0 8. exd5 Nxd5 9. Nc4 c6 10. Nd6 Qc7 11. Nxc8 Raxc8 12. d4 Rfe8 13. dxe5 Nxe5 14. Nxe5 Qxe5 15. c3 b5 16. a3 a5 17. Qf3 Nb6 18. Rd1 Nc4 19. Bf1 Qe6 20. Qd3 Ne5 21. Qe2 Qb3 22. Rd6 Rcd8 23. Rxd8 Rxd8 24. Bf4 Nc4 25. Qe7 Rf8 26. Bxc4 Qxc4 27. Rd1 b4 28. axb4 axb4 29. cxb4 Bxb2 30. Bh6 Bg7 31. Bxg7 Kxg7 32. Qe5+ Kg8 33. Rd4 Qb5 34. Qxb5 cxb5 35. Rd5 Rb8 36. Kf1 Kf8 37. Rd7 Kg7 38. h4 h5 39. Rd5 Kf6 40. Ke2 Ke6 41. Rc5 Rb6 42. Kf3 f6 43. Ke4 Kd6 44. f3 Ke6 45. g4 hxg4 46. fxg4 Rb8 47. Kf4 Rh8 48. h5 gxh5 49. Rxh5 Rb8 50. Rc5 Rb7 51. Ke4 Rg7 52. Kf4 Rb7 53. Kg3 Rb8 54. Kf4 Rb7 55. Rh5 Rb8 1/2-1/2

[Event "Graz-ch"]
[Site "Graz"]
[Date "2011.01.16"]
[Round "6"]
[White "Halsegger, Herbert"]
[Black "Neubauer, Anton"]
[Result "1/2-1/2"]
[WhiteElo "2159"]
[BlackElo "1988"]
[PlyCount "141"]
[EventDate "2011.01.07"]
[EventType "swiss"]
[EventRounds "7"]
[EventCountry "AUT"]
[SourceTitle "CBM 140 Extra"]
[Source "ChessBase"]
[SourceDate "2011.03.01"]
[SourceVersion "1"]
[SourceVersionDate "2011.03.01"]
[SourceQuality "1"]

1. d4 d5 2. Nf3 Nf6 3. c3 Bf5 4. Bf4 e6 5. Qb3 Qc8 6. e3 Be7 7. Be2 Nbd7 8. c4 c6 9. h3 Ne4 10. Nc3 Nxc3 11. bxc3 dxc4 12. Bxc4 0-0 13. 0-0 Nb6 14. Be2 h6 15. Ne5 Nd5 16. Bh2 Bd8 17. c4 Nf6 18. c5 Bc7 19. Nc4 Bxh2+ 20. Kxh2 Rb8 21. Kg1 Qc7 22. Rac1 Ne4 23. Rfd1 Rfd8 24. Bf3 Ng5 25. Bg4 Bxg4 26. hxg4 Ne4 27. Qc2 Nf6 28. Qe2 b5 29. Nd6 a6 30. e4 Qe7 31. f4 Ne8 32. e5 Nc7 33. Rf1 Nd5 34. g3 Rf8 35. Rf2 g6 36. Kg2 Kg7 37. Rh1 Rh8 38. Ne4 Rbg8 39. Kg1 Kf8 40. Kg2 Qd8 41. Rhf1 Ne7 42. Nd6 Rh7 43. Rf3 h5 44. Rh1 Rgh8 45. Rff1 hxg4 46. Rxh7 Rxh7 47. Qxg4 Nf5 48. Qf3 Ne7 49. Rh1 Rxh1 50. Kxh1 Qa5 51. Qf2 Nd5 52. Kh2 Qa3 53. Kh3 Qd3 54. Kg4 Qd1+ 55. Kh3 Qh5+ 56. Kg2 Qg4 57. Qf3 Qxf3+ 58. Kxf3 Nc3 59. Nb7 Ke8 60. Na5 Kd7 61. a3 Nb1 62. Ke3 Nxa3 63. Kd3 b4 64. Nb3 Nb5 65. Na5 Nc3 66. Nb3 Kc7 67. Na5 Na2 68. Nb3 Kd7 69. Na5 Nc1+ 70. Kd2 Na2 71. Kd3 1/2-1/2

[Event "Graz-ch"]
[Site "Graz"]
[Date "2011.01.08"]
[Round "2"]
[White "Halsegger, Herbert"]
[Black "Schuetz, Christian"]
[Result "1/2-1/2"]
[WhiteElo "2159"]
[BlackElo "1943"]
[PlyCount "75"]
[EventDate "2011.01.07"]
[EventType "swiss"]
[EventRounds "7"]
[EventCountry "AUT"]
[SourceTitle "CBM 140 Extra"]
[Source "ChessBase"]
[SourceDate "2011.03.01"]
[SourceVersion "1"]
[SourceVersionDate "2011.03.01"]
[SourceQuality "1"]

1. g3 Nf6 2. Bg2 g6 3. d3 Bg7 4. c4 0-0 5. Nc3 d6 6. Bg5 h6 7. Bd2 Nc6 8. Qc1 Kh7 9. Nd5 e5 10. e3 a5 11. a3 Bf5 12. e4 Bd7 13. Ne2 a4 14. Qc2 Na5 15. Rd1 Nxd5 16. cxd5 Nb3 17. Bc3 c5 18. dxc6 Bxc6 19. 0-0 Rc8 20. Rfe1 Qb6 21. Nc1 Nd4 22. Qd2 Bd7 23. h3 f5 24. Rf1 f4 25. gxf4 exf4 26. Rfe1 f3 27. Bf1 Qd8 28. e5 dxe5 29. Re4 Bf5 30. Rde1 Bxe4 31. Rxe4 Bf6 32. h4 Bxh4 33. Bh3 Rc6 34. Rxe5 Bg5 35. Qe1 Bxc1 36. Re7+ Kh8 37. Qe5+ Rcf6 38. Bxd4 1/2-1/2

[Event "Graz-ch"]
[Site "Graz"]
[Date "2010.01.08"]
[Round "1"]
[White "Horvath, Reka"]
[Black "Halsegger, Herbert"]
[Result "0-1"]
[WhiteElo "1971"]
[BlackElo "2163"]
[PlyCount "142"]
[EventDate "2010.01.08"]
[EventType "swiss"]
[EventRounds "7"]
[EventCountry "AUT"]
[SourceTitle "CBM 134 Extra"]
[Source "ChessBase"]
[SourceDate "2010.03.03"]
[SourceVersion "1"]
[SourceVersionDate "2010.03.03"]
[SourceQuality "1"]

1. Nf3 Nf6 2. g3 g6 3. Bg2 Bg7 4. 0-0 c5 5. c4 Nc6 6. d4 cxd4 7. Nxd4 Qb6 8. Nxc6 bxc6 9. e4 0-0 10. Nc3 d6 11. Na4 Qc7 12. Bf4 e5 13. Bg5 h6 14. Bxf6 Bxf6 15. c5 dxc5 16. Nxc5 Rd8 17. Qc2 Qa5 18. Nb3 Qa4 19. Rac1 Ba6 20. Rfd1 Bg5 21. Ra1 Rxd1+ 22. Rxd1 Rd8 23. h4 Be7 24. Rxd8+ Bxd8 25. Qd2 Bb6 26. Nc1 Kg7 27. b3 Qa3 28. Bf1 Bxf1 29. Kxf1 Qc5 30. Nd3 Qd4 31. Qe2 h5 32. Nb2 Qc3 33. Nc4 Bd4 34. Kg2 Kf6 35. Kf1 Ke6 36. Kg2 Bb6 37. Nxb6 axb6 38. Kf1 b5 39. Kg2 Kd6 40. Qd1+ Qd4 41. Qe2 Kc5 42. Qc2+ Kb6 43. Kf1 c5 44. Ke2 Ka5 45. a3 Kb6 46. Qb1 Kc6 47. Qc2 Kd6 48. Qd3 Kc6 49. Qc2 c4 50. bxc4 bxc4 51. Qa4+ Kd6 52. Qa6+ Ke7 53. Qb7+ Ke6 54. Qa6+ Ke7 55. Qb7+ Kf8 56. Qb8+ Kg7 57. Qb1 f6 58. Qc2 Kf7 59. Qb1 Ke6 60. Qc2 f5 61. exf5+ gxf5 62. Qa4 Qd3+ 63. Ke1 Kd5 64. Qd7+ Ke4 65. Qxd3+ cxd3 66. a4 Kd5 67. f3 Kc4 68. Kd2 e4 69. fxe4 fxe4 70. g4 e3+ 71. Kxe3 Kc3 0-1

[Event "AUT-chT2S 9798"]
[Site "Austria"]
[Date "1998.03.13"]
[Round "9"]
[White "Senoner, Erich"]
[Black "Halsegger, Herbert"]
[Result "1-0"]
[WhiteElo "2070"]
[BlackElo "2190"]
[PlyCount "57"]
[EventDate "1997.??.??"]
[EventType "team"]
[EventRounds "11"]
[EventCountry "AUT"]
[SourceTitle "EXT 1999"]
[Source "ChessBase"]
[SourceDate "1998.11.16"]
[SourceVersion "1"]
[SourceVersionDate "1998.11.16"]
[SourceQuality "1"]

1. e4 c5 2. Nf3 Nc6 3. c3 d5 4. exd5 Qxd5 5. d4 cxd4 6. cxd4 e6 7. Nc3 Bb4 8. Be2 Nf6 9. 0-0 Qd8 10. Bg5 Be7 11. Rc1 0-0 12. Qd2 b6 13. Rfd1 Nb4 14. Ne5 Bb7 15. a3 Nbd5 16. Nxd5 Nxd5 17. Bxe7 Qxe7 18. Bf3 Rac8 19. Rxc8 Rxc8 20. Rc1 Rd8 21. b4 a6 22. g3 g6 23. Nc6 Bxc6 24. Rxc6 Qf6 25. Kg2 Kg7 26. h4 h6 27. a4 a5 28. bxa5 bxa5 29. Qxa5 1-0

[Event "AUT-chT2S 9697"]
[Site "Austria"]
[Date "1996.??.??"]
[Round "2"]
[White "Halsegger, Herbert"]
[Black "Bodner, Alfred"]
[Result "1-0"]
[WhiteElo "2065"]
[BlackElo "2200"]
[PlyCount "105"]
[EventDate "1996.??.??"]
[EventType "team"]
[EventRounds "11"]
[EventCountry "AUT"]
[SourceTitle "EXT 1999"]
[Source "ChessBase"]
[SourceDate "1998.11.16"]
[SourceVersion "1"]
[SourceVersionDate "1998.11.16"]
[SourceQuality "1"]

1. c4 Nf6 2. Nc3 c5 3. g3 Nc6 4. Bg2 e6 5. Nf3 Be7 6. d3 0-0 7. 0-0 d5 8. a3 d4 9. Na4 Qc7 10. Rb1 Rd8 11. Bd2 Rb8 12. Qc2 b5 13. cxb5 Rxb5 14. Rfc1 Bb7 15. Bg5 Qd7 16. Nd2 Na5 17. b3 Bxg2 18. Bxf6 gxf6 19. Kxg2 Qd5+ 20. Kg1 Rdb8 21. Nc4 Nxb3 22. Rf1 Qb7 23. Rbe1 Qa6 24. Nab2 Na5 25. e4 Rb3 26. Qe2 Bf8 27. e5 f5 28. g4 f4 29. Qd2 Nc6 30. Re4 Ne7 31. Rxf4 Ng6 32. Re4 Qb5 33. Rb1 Bg7 34. f4 Bh6 35. g5 Bf8 36. Re2 Nh4 37. Rf2 Rc3 38. f5 Nxf5 39. Rbf1 Qd7 40. Qe2 Rb7 41. Qh5 Qd5 42. Nd2 Qxe5 43. Ne4 Bg7 44. Na4 Rbb3 45. Naxc3 dxc3 46. Qf3 Rb2 47. Rxb2 cxb2 48. Nd2 Qc3 49. Qa8+ Bf8 50. Ne4 Qxd3 51. Nf6+ Kg7 52. Nh5+ Kg6 53. Nf4+ 1-0

[Event "AUT-chT2S 9697"]
[Site "Austria"]
[Date "1996.??.??"]
[Round "5"]
[White "Halsegger, Herbert"]
[Black "Emberger, Juergen"]
[Result "0-1"]
[WhiteElo "2200"]
[BlackElo "2040"]
[PlyCount "60"]
[EventDate "1996.??.??"]
[EventType "team"]
[EventRounds "11"]
[EventCountry "AUT"]
[SourceTitle "EXT 1999"]
[Source "ChessBase"]
[SourceDate "1998.11.16"]
[SourceVersion "1"]
[SourceVersionDate "1998.11.16"]
[SourceQuality "1"]

1. d4 d5 2. Nf3 Nf6 3. Bg5 Nbd7 4. Nbd2 e6 5. e3 Be7 6. Bd3 c5 7. c3 Qc7 8. 0-0 0-0 9. e4 dxe4 10. Nxe4 Nd5 11. Re1 Bxg5 12. Nfxg5 h6 13. Nf3 Rd8 14. Rc1 b6 15. Bb1 Bb7 16. dxc5 Nxc5 17. Qc2 Nxe4 18. Rxe4 Nf6 19. Re3 Rd5 20. Nd4 Rc8 21. Rg3 Qf4 22. Ne2 Qd2 23. Rd3 Rxd3 24. Qxd3 Rd8 25. Qc2 Qg5 26. Ng3 Rd2 27. Qa4 Qd5 28. Ne4 Nxe4 29. Qe8+ Kh7 30. f3 Rd1+ 0-1

[Event "AUT-chT2S 9697"]
[Site "Austria"]
[Date "1996.??.??"]
[Round "4"]
[White "Halsegger, Herbert"]
[Black "Nickl, Klaus"]
[Result "1/2-1/2"]
[WhiteElo "2200"]
[BlackElo "2170"]
[PlyCount "89"]
[EventDate "1996.??.??"]
[EventType "team"]
[EventRounds "11"]
[EventCountry "AUT"]
[SourceTitle "EXT 1999"]
[Source "ChessBase"]
[SourceDate "1998.11.16"]
[SourceVersion "1"]
[SourceVersionDate "1998.11.16"]
[SourceQuality "1"]

1. c4 Nf6 2. g3 g6 3. Bg2 Bg7 4. Nc3 0-0 5. d3 d6 6. Bg5 Nc6 7. h3 h6 8. Bd2 e5 9. g4 Ne8 10. Qc1 Kh7 11. g5 h5 12. Nf3 Ne7 13. Ne4 c6 14. Ng3 Be6 15. Rg1 Qd7 16. Bc3 Nf5 17. Nxf5 Bxf5 18. Qd2 Qe7 19. d4 Nc7 20. dxe5 dxe5 21. Qe3 Rfe8 22. Nd2 Ne6 23. h4 Nd4 24. 0-0-0 a5 25. Ne4 a4 26. Bf3 a3 27. b3 Bxe4 28. Qxe4 Kh8 29. Bxd4 exd4 30. Qxe7 Rxe7 31. Kc2 Ra5 32. b4 Rf5 33. Rd3 Rf4 34. Rxa3 Rxh4 35. Ra8+ Kh7 36. Ra7 d3+ 37. exd3 Bd4 38. c5 Rf4 39. Be4 Rxf2+ 40. Kb3 Rb2+ 41. Ka3 Rxa2+ 42. Kxa2 Bxg1 43. Kb3 Rc7 44. Kc4 Kg7 45. Ra2 1/2-1/2

[Event "AUT-chT2S 9697"]
[Site "Austria"]
[Date "1996.??.??"]
[Round "11"]
[White "Steiner, Bruno"]
[Black "Halsegger, Herbert"]
[Result "1-0"]
[WhiteElo "2200"]
[BlackElo "2145"]
[PlyCount "83"]
[EventDate "1996.??.??"]
[EventType "team"]
[EventRounds "11"]
[EventCountry "AUT"]
[SourceTitle "EXT 1999"]
[Source "ChessBase"]
[SourceDate "1998.11.16"]
[SourceVersion "1"]
[SourceVersionDate "1998.11.16"]
[SourceQuality "1"]

1. e4 d6 2. d4 Nf6 3. Nc3 g6 4. Bg5 Bg7 5. Qe2 c6 6. 0-0-0 Qa5 7. f4 a6 8. a3 Bg4 9. Nf3 e6 10. h3 Bxf3 11. Qxf3 d5 12. Bxf6 Bxf6 13. f5 Nd7 14. Kb1 0-0-0 15. e5 Be7 16. g4 Rhf8 17. f6 Bxa3 18. bxa3 Qxa3 19. Be2 c5 20. Nxd5 Qxf3 21. Ne7+ Kc7 22. Bxf3 cxd4 23. Rhe1 Nc5 24. h4 Rd7 25. Be4 Na4 26. Rd2 a5 27. Ka2 Ra8 28. h5 Ra6 29. hxg6 hxg6 30. Bd3 Rb6 31. Rh2 Nc3+ 32. Ka3 Rb4 33. Rh7 b5 34. Rxf7 Ra4+ 35. Kb2 Ra2+ 36. Kc1 b4 37. Rg7 a4 38. Nxg6 b3 39. Rxd7+ Kxd7 40. cxb3 Ra1+ 41. Kd2 Rxe1 42. f7 1-0

[Event "Graz op"]
[Site "Graz"]
[Date "1993.??.??"]
[Round "7"]
[White "Fahrner, Kurt"]
[Black "Halsegger, Herbert"]
[Result "1-0"]
[WhiteElo "2265"]
[BlackElo "2245"]
[PlyCount "77"]
[EventDate "1993.??.??"]
[EventType "swiss"]
[EventRounds "9"]
[EventCountry "AUT"]
[SourceTitle "EXT 1997"]
[Source "ChessBase"]
[SourceDate "1996.11.15"]
[SourceVersion "1"]
[SourceVersionDate "1996.11.15"]
[SourceQuality "1"]

1. g3 Nf6 2. Bg2 c5 3. c4 Nc6 4. Nc3 g6 5. e4 d6 6. Nge2 Bg7 7. 0-0 0-0 8. h3 Ne8 9. d3 Nc7 10. Be3 Ne6 11. Rb1 Ned4 12. a3 f5 13. b4 e5 14. Nd5 Nxe2+ 15. Qxe2 f4 16. gxf4 exf4 17. Nxf4 Qh4 18. Nd5 Nd4 19. Bxd4 Bxd4 20. Kh2 Be6 21. f4 Bxd5 22. exd5 Rae8 23. Qg4 Qxg4 24. hxg4 b6 25. bxc5 dxc5 26. Kg3 Re3+ 27. Rf3 Re2 28. g5 Rfe8 29. Bh3 R8e3 30. Rbf1 h6 31. gxh6 Kh7 32. Rxe3 Rxe3+ 33. Rf3 Re1 34. f5 gxf5 35. Rxf5 Kxh6 36. d6 Be5+ 37. Kf2 Rh1 38. Rxe5 Rxh3 39. d7 1-0

[Event "Graz-ch"]
[Site "Graz"]
[Date "1991.??.??"]
[Round "?"]
[White "Fahrner, Kurt"]
[Black "Halsegger, Herbert"]
[Result "1-0"]
[WhiteElo "2290"]
[BlackElo "2245"]
[PlyCount "75"]
[EventDate "1991.??.??"]
[EventType "swiss"]
[EventRounds "9"]
[EventCountry "AUT"]
[SourceTitle "EXT 1999"]
[Source "ChessBase"]
[SourceDate "1998.11.16"]
[SourceVersion "1"]
[SourceVersionDate "1998.11.16"]
[SourceQuality "1"]

1. Nf3 g6 2. g3 Bg7 3. Bg2 d6 4. 0-0 Nf6 5. c4 0-0 6. Nc3 c6 7. d3 Nbd7 8. Bd2 a5 9. a3 Nc5 10. Rb1 e5 11. b4 axb4 12. axb4 Ne6 13. b5 Qc7 14. Ne1 h5 15. Nc2 Bd7 16. Nb4 h4 17. Ra1 hxg3 18. hxg3 Rxa1 19. Qxa1 e4 20. Qa7 Ng4 21. bxc6 e3 22. Nb5 exf2+ 23. Rxf2 Qd8 24. cxd7 Nxf2 25. Kxf2 Qf6+ 26. Bf3 Nc5 27. Bc3 Qe6 28. Qa1 Bxc3 29. Qxc3 Nxd7 30. Qd4 Ne5 31. Qxd6 Ng4+ 32. Bxg4 Qxg4 33. Nd5 Qh3 34. Nf6+ Kg7 35. Qe5 Qh2+ 36. Kf3 Qh1+ 37. Kg4 Rh8 38. Nh5+ 1-0